00743nam a2200253 u 450000100070000000500170000700800410002402000150006503500110008003500210009104000130011204100080012508200080013310000270014124500270016826000560019530000180025165000350026965000590030465000270036365000290039065000340041965000360045364790120260506090349.0010220s1985 fre  a2130393659 a647901 a(OCoLC)777791239 ccomduadb afre 4a84010aMaurel, Jean4auteaut10aVictor Hugo philosophe aParís :bPresses Universitaires de France,c1985. a128 páginas aFilosofia francesa - Siglo XIX aHugo, Victor Marie, 1802-1885 - Pensamiento filosofico aRomanticismo - Francia aRomanticismo (Filosofia) aLiteratura francesa - Ensayos 7aLiteraturaxFilosofía2armarc